000 00658nam a22002177a 4500
003 UA-OsUOA
001 39977
007 ta
008 20060710b un ||||| |||| 00| 0 ukr d
100 _aСидоренко Б.
090 _a81
_bС34
942 _cSA
040 _aUA-OsUOA
_bukr
_cUA-OsUOA
_dUA-OsUOA
245 _aІ словники безсилі пояснити. Чужоземщина вдирається до наших осель
300 _aС.13
955 _a0
041 _aukr
080 _a81
773 0 _w39976
650 7 _a8 Мовознавство. Художня література. Літературознавство
_2UDC
999 _c326119
_d326119